|
|
|
|
| LEADER |
00000naa a2200000uu 4500 |
| 001 |
vtls010935446 |
| 003 |
SK-MaSNL |
| 005 |
20260302115712.0 |
| 008 |
220810|2013 xo |||||||||||||||||cze| |
| 015 |
|
|
|a SNBRA
|
| 035 |
|
|
|a (urnnbn)urn:nbn:sk:snk:ar-a0b7ck
|
| 035 |
|
|
|a (uuid)feae6b74-b8e3-4f6e-8d54-400e1401c1df
|
| 035 |
|
|
|a urn:nbn:sk:snk-aatzq2
|
| 040 |
|
|
|a SNKBUCL
|b slo
|c SNKBUCL
|e AACR2
|
| 041 |
0 |
|
|a cze
|
| 044 |
|
|
|a xo
|c SK
|
| 100 |
1 |
|
|a Janeček, Jan
|4 aut
|9 378340
|
| 245 |
1 |
0 |
|a MAJETEK OBCÍ, GOOD GOVERNANCE A KORUPCE
|c Jan Janeček
|
| 773 |
0 |
|
|t "Teória a prax verejnej správy"
|d Košice : Univerzita Pavla Jozefa Šafárika, Fakulta verejnej správy, 2013
|g S. 223-232
|z 9788081520570
|
| 954 |
|
|
|a odborná, vedecká literatúra cudzojazyčná (svetová)
|2 lita
|
| 958 |
|
|
|a OND
|
| 958 |
|
|
|a article11
|
| 958 |
|
|
|a chapter
|
| 999 |
|
|
|c 1266021
|d 1267951
|